Mizan

Bibliographic Details
Main Author: Nazel Hashim Mohamad
Format: Book
Published: Kuala Lumpur : DBP , 1992
Subjects:

MARC

LEADER 00000cam a2200000 7i4500
001 0000006734
002 000007259
005 20000330.0
020 |a 9836225897 
090 0 0 |a F   |b NAZ 
100 0 |a Nazel Hashim Mohamad 
245 1 0 |a Mizan   |c Nazel Hashim Mohamad 
260 |a Kuala Lumpur :   |b DBP ,   |c 1992 
300 |a 228p. ;   |c 18cm. 
650 0 0 |a General fiction, Malay 
999 |a 039523   |b BUKU   |c PINJAMAN   |e PERPUSTAKAAN KOMUNITI PETALING JAYA 
999 |a 039524   |b BUKU   |c PINJAMAN   |e PERPUSTAKAAN KOMUNITI PETALING JAYA